[Event "EU-chT Seniors"]
[Site "Vienna"]
[Date "2015.07.12"]
[Round "1.4"]
[White "Sukopp, Karl"]
[Black "Albano, Marco"]
[Result "0-1"]
[WhiteElo "1975"]
[BlackElo "2292"]
[PlyCount "89"]
[EventDate "2015.07.12"]
[EventType "team-swiss"]
[EventRounds "9"]
[EventCountry "AUT"]
[SourceTitle "CBM 167 Extra"]
[Source "ChessBase"]
[SourceDate "2015.09.14"]
[SourceVersion "1"]
[SourceVersionDate "2015.09.14"]
[SourceQuality "1"]
[WhiteTeam "Niederoesterreich"]
[BlackTeam "Italy"]
[WhiteTeamCountry "AUT"]
[BlackTeamCountry "ITA"]

1. b4 e5 2. Bb2 Bxb4 3. Bxe5 Nf6 4. c4 0-0 5. a3 Ba5 6. Nf3 d5 7. cxd5 Nxd5 8. e3 c5 9. Be2 Nc6 10. Bb2 Qb6 11. Qc1 Bf5 12. 0-0 Rac8 13. Nh4 Nce7 14. Nxf5 Nxf5 15. Bc4 Nde7 16. Nc3 Qh6 17. Ne4 Rc6 18. f4 a6 19. a4 Rg6 20. Rf2 Bc7 21. Be5 Bxe5 22. fxe5 Qh4 23. Qc2 Rg4 24. Bd3 Rd8 25. Nf6+ gxf6 26. Bxf5 Rc4 27. Qb1 fxe5 28. g3 Qh5 29. Be4 Rd7 30. Ra2 Kg7 31. Bf3 Qh6 32. Bxb7 Rb4 33. Rb2 Rdxb7 34. Qa2 Qe6 35. Qxe6 fxe6 36. Rc2 c4 37. Ra2 Nd5 38. Kg2 e4 39. Kh3 Rf7 40. Re2 Rf1 41. a5 Rg1 42. Rf2 Rb5 43. Rc2 Nf6 44. g4 Nxg4 45. Rg2 0-1

[Event "Cesenatico op 17th"]
[Site "Cesenatico"]
[Date "2013.09.04"]
[Round "5"]
[White "Albano, Marco"]
[Black "Bonassi, Tommaso"]
[Result "1-0"]
[WhiteElo "2288"]
[BlackElo "1949"]
[PlyCount "61"]
[EventDate "2013.08.31"]
[EventType "swiss"]
[EventRounds "9"]
[EventCountry "ITA"]
[SourceTitle "CBM 156 Extra"]
[Source "ChessBase"]
[SourceDate "2013.10.22"]
[SourceVersion "1"]
[SourceVersionDate "2013.10.22"]
[SourceQuality "1"]

1. e4 c5 2. Nf3 d6 3. Bb5+ Bd7 4. Bxd7+ Nxd7 5. 0-0 Ngf6 6. Re1 e6 7. c3 Be7 8. d4 cxd4 9. cxd4 0-0 10. Nc3 Qa5 11. Bd2 Qb6 12. Qe2 Rfd8 13. b3 Rac8 14. Rac1 a6 15. h3 Qa7 16. e5 Ne8 17. d5 Nf8 18. Be3 Qb8 19. Bg5 Rd7 20. dxe6 Nxe6 21. Bxe7 Rxe7 22. Nd5 Rd7 23. Rxc8 Qxc8 24. Nb6 Qd8 25. Nxd7 Qxd7 26. exd6 Qxd6 27. Qe5 Qd7 28. Nd4 N8c7 29. Nxe6 Nxe6 30. Qb8+ Nd8 31. Qc7 1-0

[Event "Cesenatico op 17th"]
[Site "Cesenatico"]
[Date "2013.09.03"]
[Round "4"]
[White "Lalic, Bogdan"]
[Black "Albano, Marco"]
[Result "1-0"]
[WhiteElo "2484"]
[BlackElo "2288"]
[PlyCount "93"]
[EventDate "2013.08.31"]
[EventType "swiss"]
[EventRounds "9"]
[EventCountry "ITA"]
[SourceTitle "CBM 156 Extra"]
[Source "ChessBase"]
[SourceDate "2013.10.22"]
[SourceVersion "1"]
[SourceVersionDate "2013.10.22"]
[SourceQuality "1"]

1. d4 Nf6 2. c4 e6 3. Nf3 Bb4+ 4. Bd2 a5 5. Nc3 d5 6. a3 Bxc3 7. Bxc3 0-0 8. e3 Ne4 9. Rc1 Nd7 10. Bd3 b6 11. cxd5 exd5 12. 0-0 Ba6 13. Bxa6 Rxa6 14. Qd3 Ra7 15. Rfd1 c5 16. dxc5 Ndxc5 17. Qb5 Qd7 18. Qxd7 Rxd7 19. Ne5 Rd6 20. Be1 f6 21. Nf3 Nb3 22. Rc2 Rfd8 23. Nd4 Nec5 24. f3 Nxd4 25. exd4 Nd7 26. Bg3 Re6 27. Rd3 Kf8 28. Rb3 Ke8 29. Rb5 Nf8 30. Kf2 Rd7 31. Re2 Kf7 32. Rxe6 Nxe6 33. Ke3 g5 34. Rxb6 h5 35. h3 Ng7 36. Kd3 h4 37. Be1 Nh5 38. Bd2 Nf4+ 39. Bxf4 gxf4 40. a4 Rd8 41. Rb5 Ke6 42. Rxa5 Rg8 43. Ra6+ Ke7 44. a5 Rxg2 45. Rb6 Kd7 46. a6 Kc7 47. a7 1-0

[Event "EU-chT Seniors 15th"]
[Site "Dresden"]
[Date "2013.07.22"]
[Round "3"]
[White "Albano, Marco"]
[Black "Yeo, Michael J"]
[Result "1-0"]
[WhiteElo "2288"]
[BlackElo "2170"]
[PlyCount "87"]
[EventDate "2013.07.20"]
[EventType "team-swiss"]
[EventRounds "9"]
[EventCountry "GER"]
[SourceTitle "CBM 155 Extra"]
[Source "ChessBase"]
[SourceDate "2013.08.26"]
[SourceVersion "1"]
[SourceVersionDate "2013.08.26"]
[SourceQuality "1"]
[WhiteTeam "Italy"]
[BlackTeam "England"]
[WhiteTeamCountry "ITA"]
[BlackTeamCountry "ENG"]

1. e4 e5 2. Nf3 Nc6 3. Bc4 Nf6 4. d3 Bc5 5. c3 a6 6. Bb3 Ba7 7. Nbd2 d6 8. h3 h6 9. Nf1 0-0 10. Be3 d5 11. Bxa7 Rxa7 12. Qe2 Be6 13. Ng3 dxe4 14. dxe4 Bxb3 15. axb3 Qd6 16. 0-0 Qe6 17. b4 Ne8 18. Rfd1 Nd6 19. Nh4 g6 20. Rd3 Raa8 21. Rad1 Rad8 22. Nf3 Kg7 23. Nh2 Rh8 24. Qc2 Nb5 25. Ng4 Rxd3 26. Rxd3 h5 27. Ne3 h4 28. Ngf1 Rd8 29. Rxd8 Nxd8 30. Qd1 Nc6 31. Nd5 Ne7 32. Nxe7 Qxe7 33. Qg4 Qd8 34. Ne3 Nd6 35. c4 b5 36. b3 Qa8 37. Nd5 bxc4 38. bxc4 Nxc4 39. Qxh4 Qc6 40. Qg5 Qd6 41. Qc1 Qc6 42. Ne3 Na5 43. Qa1 Nc4 44. Qc3 1-0

[Event "Forni di Sopra op 4th"]
[Site "Forni di Sopra"]
[Date "2013.06.17"]
[Round "4"]
[White "Albano, Marco"]
[Black "Levin, Felix"]
[Result "1-0"]
[WhiteElo "2256"]
[BlackElo "2497"]
[PlyCount "67"]
[EventDate "2013.06.15"]
[EventType "swiss"]
[EventRounds "9"]
[EventCountry "ITA"]
[SourceTitle "CBM 155 Extra"]
[Source "ChessBase"]
[SourceDate "2013.08.26"]
[SourceVersion "1"]
[SourceVersionDate "2013.08.26"]
[SourceQuality "1"]

1. d4 Nf6 2. c4 c5 3. d5 e6 4. Nc3 exd5 5. cxd5 d6 6. e4 g6 7. Nf3 a6 8. a4 Bg4 9. Be2 Bxf3 10. Bxf3 Bg7 11. h4 h6 12. Bf4 0-0 13. Qd2 Kh7 14. g4 Ne8 15. Be2 Nd7 16. Be3 Nc7 17. h5 g5 18. f4 gxf4 19. Bxf4 Ne5 20. g5 hxg5 21. Bxg5 Bf6 22. Bf4 b5 23. 0-0-0 Rg8 24. Rdg1 Qd7 25. Bxe5 Bxe5 26. Rg6 Rg7 27. Qh6+ Kg8 28. Rxg7+ Bxg7 29. Rg1 Ne8 30. Qg5 Kf8 31. h6 Bf6 32. Qg8+ Ke7 33. Bg4 Qd8 34. Be6 1-0

[Event "ITA-ch Seniors 35th"]
[Site "Arco"]
[Date "2013.04.15"]
[Round "4"]
[White "Laco, Giuseppe"]
[Black "Albano, Marco"]
[Result "0-1"]
[WhiteElo "2073"]
[BlackElo "2235"]
[PlyCount "94"]
[EventDate "2013.04.12"]
[EventType "swiss"]
[EventRounds "9"]
[EventCountry "ITA"]
[SourceTitle "CBM 154 Extra"]
[Source "ChessBase"]
[SourceDate "2013.06.25"]
[SourceVersion "2"]
[SourceVersionDate "2013.06.25"]
[SourceQuality "1"]

1. c4 e5 2. Nc3 Nc6 3. g3 f5 4. e4 Nf6 5. d3 Bb4 6. Bg2 fxe4 7. dxe4 Bxc3+ 8. bxc3 d6 9. Qd3 b6 10. Nf3 Qe7 11. Ba3 Ba6 12. Nd2 Qf7 13. f3 0-0 14. Bf1 Rfe8 15. Qc2 Kh8 16. Qa4 Bb7 17. Bd3 Nd7 18. 0-0-0 Nd8 19. Bb1 Ne6 20. Qc2 Nec5 21. Rdf1 Bc6 22. Qd1 b5 23. f4 Qg8 24. cxb5 Bxb5 25. Rf3 Rab8 26. f5 Bc4 27. Nxc4 Qxc4 28. Re1 Rb6 29. Qd5 Qb5 30. Bc2 Nf6 31. Qf7 Reb8 32. Kd2 Qc6 33. Bxc5 Qxc5 34. Bb3 d5 35. exd5 Rf8 36. Qxf8+ Qxf8 37. Rxe5 Rb8 38. h3 h5 39. g4 hxg4 40. hxg4 Nxg4 41. Re4 Nh6 42. f6 gxf6 43. Rh4 f5 44. Rfh3 Rb6 45. Ke3 Qg7 46. Kf4 Rg6 47. c4 Rg4+ 0-1

[Event "ITA-chT A2 36th"]
[Site "Italy"]
[Date "2004.04.04"]
[Round "4"]
[White "Palamides, Carmine"]
[Black "Albano, Marco"]
[Result "0-1"]
[WhiteElo "1942"]
[BlackElo "2230"]
[PlyCount "84"]
[EventDate "2004.02.22"]
[EventType "team"]
[EventRounds "7"]
[EventCountry "ITA"]
[SourceTitle "EXT 2009"]
[Source "ChessBase"]
[SourceDate "2008.11.26"]
[SourceVersion "1"]
[SourceVersionDate "2008.11.26"]
[SourceQuality "1"]

1. e4 c5 2. Nf3 Nc6 3. Nc3 g6 4. Bb5 Bg7 5. 0-0 d6 6. Re1 e5 7. d3 Nge7 8. Nd5 h6 9. h3 0-0 10. a4 Nxd5 11. exd5 Ne7 12. Bc4 Kh7 13. c3 f5 14. Bd2 g5 15. Nh2 Ng6 16. Qh5 Nf4 17. Bxf4 gxf4 18. Bb3 Bd7 19. Bc2 Be8 20. Qe2 Qf6 21. f3 Bf7 22. c4 Rg8 23. Rab1 a5 24. b3 Qg6 25. Kh1 Bf6 26. Rg1 Qh5 27. Qf1 Rg3 28. d4 exd4 29. Ng4 Bg7 30. Re1 Kh8 31. Qd3 Bg6 32. Nh2 Be5 33. Re2 Rg8 34. Rge1 Bh7 35. Ng4 Qg6 36. Nxe5 dxe5 37. Qd2 Qg5 38. Rf1 e4 39. fxe4 fxe4 40. Rxf4 e3 41. Rxe3 Qxf4 42. Bxh7 Qf1+ 0-1

[Event "ITA-chT A2 36th"]
[Site "Italy"]
[Date "2004.02.22"]
[Round "1"]
[White "Patelli, Alessandro"]
[Black "Albano, Marco"]
[Result "0-1"]
[WhiteElo "2204"]
[BlackElo "2230"]
[PlyCount "56"]
[EventDate "2004.02.22"]
[EventType "team"]
[EventRounds "7"]
[EventCountry "ITA"]
[SourceTitle "EXT 2009"]
[Source "ChessBase"]
[SourceDate "2008.11.26"]
[SourceVersion "1"]
[SourceVersionDate "2008.11.26"]
[SourceQuality "1"]

1. Nf3 c5 2. c4 Nf6 3. g3 Nc6 4. Nc3 e5 5. Bg2 Be7 6. 0-0 0-0 7. d3 a6 8. Ne1 Rb8 9. a4 d6 10. Nc2 Bd7 11. Ne3 Nb4 12. Ncd5 Nbxd5 13. Nxd5 Nxd5 14. Bxd5 Bh3 15. Re1 Kh8 16. e3 f5 17. Bd2 Qe8 18. f4 Qg6 19. Qf3 b6 20. a5 Bf6 21. Bc3 exf4 22. exf4 bxa5 23. Re6 Rfe8 24. Rae1 Rxe6 25. Rxe6 Bxc3 26. bxc3 Rb1+ 27. Kf2 Qxe6 28. Bxe6 Rf1+ 0-1

[Event "Montecatini Terme op 5th"]
[Site "Montecatini Terme"]
[Date "1996.07.??"]
[Round "5"]
[White "De Vita, Gianni"]
[Black "Albano, Marco"]
[Result "0-1"]
[WhiteElo "2090"]
[BlackElo "2230"]
[PlyCount "48"]
[EventDate "1996.07.27"]
[EventType "swiss"]
[EventRounds "9"]
[EventCountry "ITA"]
[SourceTitle "EXT 2014"]
[Source "ChessBase"]
[SourceDate "2013.11.20"]
[SourceVersion "1"]
[SourceVersionDate "2013.11.20"]
[SourceQuality "1"]

1. e4 e5 2. Nf3 Nc6 3. Bc4 Nf6 4. d3 Bc5 5. c3 d6 6. Bb3 0-0 7. 0-0 Bb6 8. Nbd2 Ne7 9. Nc4 Ng6 10. Nxb6 axb6 11. h3 Qe7 12. Nh2 Be6 13. Bxe6 fxe6 14. Be3 d5 15. Bg5 h6 16. Bxf6 Qxf6 17. exd5 exd5 18. Qf3 Qe6 19. Qe3 Rf5 20. Nf3 c5 21. a4 Raf8 22. a5 Rxf3 23. gxf3 Nf4 24. Ra4 Qg6+ 0-1

[Event "ITA-chT"]
[Site "Italy"]
[Date "1995.??.??"]
[Round "?"]
[White "Patelli, Alessandro"]
[Black "Albano, Marco"]
[Result "1-0"]
[WhiteElo "2205"]
[BlackElo "2230"]
[PlyCount "63"]
[EventDate "1995.??.??"]
[EventType "team"]
[EventRounds "7"]
[EventCountry "ITA"]
[SourceTitle "EXT 2000"]
[Source "ChessBase"]
[SourceDate "1999.11.16"]
[SourceVersion "1"]
[SourceVersionDate "1999.11.16"]
[SourceQuality "1"]

1. d4 Nf6 2. c4 e6 3. Nc3 Bb4 4. f3 c5 5. d5 b5 6. e4 bxc4 7. Bxc4 exd5 8. Bxd5 Nxd5 9. Qxd5 Nc6 10. Nge2 Ba6 11. Be3 0-0 12. a3 Bxe2 13. Kxe2 Ne7 14. Qd3 Bxc3 15. Qxc3 d6 16. Rhd1 Ng6 17. Kf1 f5 18. Bxc5 fxe4 19. Bxd6 Rf7 20. Bg3 Qf8 21. Qc4 exf3 22. Rd7 Qe8 23. Rxf7 fxg2+ 24. Kxg2 Qxf7 25. Qxf7+ Kxf7 26. Rc1 Ne7 27. Rc7 Ke6 28. Kf3 h5 29. Ke4 g5 30. Bf2 Rf8 31. Rxe7+ Kxe7 32. Bc5+ 1-0

[Event "ITA-chT A1"]
[Site "Italy"]
[Date "1994.04.10"]
[Round "6.2"]
[White "Scafarelli, Francesco"]
[Black "Albano, Marco"]
[Result "1/2-1/2"]
[WhiteElo "2295"]
[BlackElo "2230"]
[PlyCount "64"]
[EventDate "1994.01.30"]
[EventType "team-tourn"]
[EventRounds "7"]
[EventCountry "ITA"]
[SourceTitle "EXT 2022"]
[Source "ChessBase"]
[SourceDate "2021.10.06"]
[SourceVersion "1"]
[SourceVersionDate "2021.10.06"]
[SourceQuality "1"]
[WhiteTeam "Genova Centurini"]
[BlackTeam "Pisa"]
[WhiteTeamCountry "ITA"]
[BlackTeamCountry "ITA"]

1. Nf3 g6 2. e4 d6 3. d4 Nf6 4. Nc3 Bg7 5. Bc4 0-0 6. 0-0 Nxe4 7. Nxe4 d5 8. Bd3 dxe4 9. Bxe4 Nd7 10. h3 c5 11. c3 cxd4 12. Nxd4 Nc5 13. Bc2 b6 14. Re1 Bb7 15. Nb3 Qc7 16. Nxc5 bxc5 17. Qe2 Bf6 18. Bh6 Rfd8 19. Rad1 Rxd1 20. Rxd1 Bg7 21. Bxg7 Kxg7 22. Be4 Qe5 23. Re1 Rb8 24. Bxb7 Qxe2 25. Rxe2 Rxb7 26. b3 Kf6 27. Rd2 Ke6 28. Kf1 a5 29. Ke2 a4 30. Rb2 axb3 31. axb3 Kd5 32. Ke3 e5 1/2-1/2

[Event "La Spezia"]
[Site "La Spezia"]
[Date "1990.??.??"]
[Round "?"]
[White "Mazzoni, Guy"]
[Black "Albano, Marco"]
[Result "0-1"]
[WhiteElo "2255"]
[BlackElo "2230"]
[PlyCount "98"]
[EventDate "1990.??.??"]
[EventType "tourn"]
[EventRounds "7"]
[EventCountry "ITA"]
[SourceTitle "EXT 2000"]
[Source "ChessBase"]
[SourceDate "1999.11.16"]
[SourceVersion "1"]
[SourceVersionDate "1999.11.16"]
[SourceQuality "1"]

1. e4 e5 2. Nf3 Nc6 3. Bb5 a6 4. Ba4 Nf6 5. 0-0 Be7 6. Re1 b5 7. Bb3 0-0 8. d4 Nxd4 9. Nxd4 exd4 10. e5 Ne8 11. Qxd4 Bb7 12. Qg4 c5 13. c3 d5 14. Be3 Kh8 15. f4 d4 16. cxd4 cxd4 17. Bd2 Nc7 18. f5 Bd5 19. Qxd4 Bxb3 20. Qxd8 Rfxd8 21. axb3 Rd3 22. Ba5 Nd5 23. Nc3 Ne3 24. Bb6 Nxf5 25. Rad1 Rxd1 26. Rxd1 h5 27. Rd7 Kg8 28. Nd5 Bg5 29. Ra7 Rxa7 30. Bxa7 Bc1 31. Nc7 Bxb2 32. Nxa6 Bxe5 33. Bc5 f6 34. Kf1 Bxh2 35. Nb4 Bd6 36. Bxd6 Nxd6 37. Nd5 Kf7 38. Ke2 g5 39. Ke3 h4 40. Kd4 Ke6 41. Kc5 g4 42. Ne3 h3 43. gxh3 gxh3 44. Nf1 Ke5 45. Nh2 f5 46. Nf1 Ne4+ 47. Kxb5 Kf4 48. b4 Nd2 49. Nh2 Kg3 0-1

[Event "Imperia op 25th"]
[Site "Imperia"]
[Date "1983.09.07"]
[Round "5"]
[White "Albano, Marco"]
[Black "Karl, Hans"]
[Result "1-0"]
[WhiteElo "2267"]
[BlackElo "2335"]
[PlyCount "91"]
[EventDate "1983.09.03"]
[EventType "swiss"]
[EventRounds "9"]
[EventCountry "ITA"]
[SourceTitle "EXT 2023"]
[Source "ChessBase"]
[SourceDate "2022.10.05"]
[SourceVersion "1"]
[SourceVersionDate "2022.10.05"]
[SourceQuality "1"]

1. e4 e5 2. Nf3 Nc6 3. Bc4 Nf6 4. d4 exd4 5. e5 d5 6. Bb5 Ne4 7. Nxd4 Bc5 8. Be3 Bd7 9. Bxc6 bxc6 10. Nd2 Qe7 11. 0-0 0-0 12. Nxe4 dxe4 13. Nb3 Bb6 14. c4 a5 15. c5 a4 16. cxb6 axb3 17. b7 Ra5 18. Qxb3 Rb5 19. Qc3 Rb8 20. a4 R5xb7 21. Bc5 Qg5 22. b4 Be6 23. a5 Bd5 24. Be3 Qg6 25. a6 Rb5 26. a7 Ra8 27. Ra5 Rb7 28. Qc5 Qe6 29. b5 Rxb5 30. Rxb5 cxb5 31. Qxb5 f5 32. exf6 gxf6 33. Rd1 Bc6 34. Qb8+ Qe8 35. Qxc7 Rc8 36. Qg3+ Kf7 37. Qh3 Kg8 38. Qg4+ Kf7 39. h3 Qe6 40. Rc1 f5 41. Qh5+ Kg8 42. Qg5+ Kf7 43. Bd4 e3 44. Qg7+ Ke8 45. Qh8+ Kd7 46. Qxc8+ 1-0

[Event "Imperia op 25th"]
[Site "Imperia"]
[Date "1983.09.??"]
[Round "7"]
[White "Albano, Marco"]
[Black "Campos Moreno, Javier B"]
[Result "0-1"]
[WhiteElo "2205"]
[BlackElo "2380"]
[PlyCount "138"]
[EventDate "1983.09.03"]
[EventType "swiss"]
[EventRounds "9"]
[EventCountry "ITA"]
[SourceTitle "EXT 2014"]
[Source "ChessBase"]
[SourceDate "2013.11.20"]
[SourceVersion "1"]
[SourceVersionDate "2013.11.20"]
[SourceQuality "1"]

1. e4 c5 2. g3 g6 3. Bg2 Bg7 4. Ne2 Nc6 5. 0-0 d6 6. d3 e6 7. Nbc3 Nge7 8. Bg5 b6 9. Qd2 h6 10. Be3 Ba6 11. f4 Rc8 12. Rf2 Qd7 13. f5 gxf5 14. Nf4 h5 15. Qd1 h4 16. gxh4 Kd8 17. Nh5 Be5 18. exf5 exf5 19. Bg5 Kc7 20. Nf6 Bxf6 21. Bxf6 Rh6 22. Bg5 Rg6 23. Kh1 Nd4 24. Bf4 Ne6 25. Bg3 Rcg8 26. h5 Rg4 27. h6 Rh8 28. Qf3 Rg6 29. a4 Rhxh6 30. Nb5+ Bxb5 31. axb5 Nc8 32. Qb7+ Kd8 33. Qxd7+ Kxd7 34. Kg1 Nd4 35. c3 Nxb5 36. Rxf5 Rf6 37. Rxf6 Rxf6 38. Bh3+ Kc7 39. Bg4 Rh6 40. Re1 Kd8 41. Rf1 f6 42. Rxf6 Rxf6 43. Bh4 Ke7 44. Bxc8 a5 45. Bd7 Nc7 46. Bxf6+ Kxf6 47. Kf2 Ke5 48. Ke3 Nd5+ 49. Kf3 Nf6 50. Bc6 d5 51. h4 d4 52. c4 Kf5 53. Be4+ Ke5 54. Bg6 Ng8 55. h5 Nh6 56. b3 Ng8 57. Kg4 Kf6 58. Kf4 Nh6 59. Ke4 Ke6 60. Bh7 Ke7 61. Ke5 Nf7+ 62. Kf5 Kf8 63. Kf6 Nd6 64. Ke6 b5 65. Kxd6 a4 66. cxb5 axb3 67. b6 b2 68. b7 b1Q 69. Kc7 c4 0-1

[Event "Imperia op 25th"]
[Site "Imperia"]
[Date "1983.09.??"]
[Round "8"]
[White "Bruno, Fabio"]
[Black "Albano, Marco"]
[Result "1-0"]
[WhiteElo "2295"]
[BlackElo "2205"]
[PlyCount "129"]
[EventDate "1983.09.03"]
[EventType "swiss"]
[EventRounds "9"]
[EventCountry "ITA"]
[SourceTitle "EXT 2014"]
[Source "ChessBase"]
[SourceDate "2013.11.20"]
[SourceVersion "1"]
[SourceVersionDate "2013.11.20"]
[SourceQuality "1"]

1. d4 Nf6 2. Nf3 e6 3. Bf4 b6 4. e3 Bb7 5. Nbd2 Be7 6. Bd3 Nh5 7. Bg3 d6 8. c3 Nd7 9. Qe2 h6 10. 0-0 Nxg3 11. hxg3 h5 12. e4 h4 13. gxh4 Bxh4 14. e5 Be7 15. Nc4 g5 16. Ne3 Bxf3 17. Qxf3 dxe5 18. Bb5 exd4 19. Bxd7+ Kxd7 20. Rfd1 Bd6 21. Rxd4 Ke7 22. Rad1 Qg8 23. Ng4 Qh7 24. Kf1 Rad8 25. Qf6+ Ke8 26. Qxg5 Qg6 27. Qxg6 fxg6 28. Ke2 Ke7 29. Ra4 a5 30. Rad4 Rh5 31. a4 Rf8 32. f3 Rf4 33. Rxf4 Bxf4 34. Kd3 Rd5+ 35. Kc2 c6 36. b3 b5 37. Rd3 bxa4 38. bxa4 c5 39. Rxd5 exd5 40. c4 Ke6 41. Kd3 Bg5 42. g3 Bc1 43. cxd5+ Kxd5 44. Nf6+ Ke6 45. Ne4 Kd5 46. Nc3+ Kc6 47. Kc4 Bd2 48. Nd5 Kd6 49. Nf6 Kc6 50. Ne4 Be1 51. g4 Bb4 52. f4 Ba3 53. f5 gxf5 54. gxf5 Bb4 55. f6 Kd7 56. Ng5 Be1 57. Kd5 c4 58. Nf3 Bb4 59. Kxc4 Ke8 60. Kd5 Kf7 61. Ng5+ Kg6 62. Ke6 Be1 63. Nh3 Bb4 64. Nf4+ Kh6 65. Kf7 1-0

[Event "ITA-ch41"]
[Site "Barcellona PG"]
[Date "1981.??.??"]
[Round "10"]
[White "Albano, Marco"]
[Black "Coppini, Giorgio"]
[Result "1/2-1/2"]
[WhiteElo "2240"]
[BlackElo "2265"]
[PlyCount "81"]
[EventDate "1981.??.??"]
[EventType "tourn"]
[EventRounds "13"]
[EventCountry "ITA"]
[EventCategory "2"]
[SourceTitle "EXT 2000"]
[Source "ChessBase"]
[SourceDate "1999.11.16"]
[SourceVersion "1"]
[SourceVersionDate "1999.11.16"]
[SourceQuality "1"]

1. e4 c6 2. Nc3 d5 3. Nf3 Bg4 4. h3 Bxf3 5. Qxf3 e6 6. a3 Nf6 7. d3 Bc5 8. e5 Nfd7 9. Qf4 Be7 10. Qg3 g6 11. Bd2 c5 12. 0-0-0 Bh4 13. Qh2 a6 14. f4 b5 15. g4 b4 16. axb4 cxb4 17. Na2 Qa5 18. Kb1 Be7 19. Qf2 Nc6 20. d4 Qb6 21. Be3 a5 22. Bd3 a4 23. Nc1 b3 24. c4 Bb4 25. cxd5 exd5 26. e6 fxe6 27. f5 exf5 28. gxf5 0-0-0 29. fxg6 hxg6 30. Bxg6 Rhg8 31. Qe2 Nxd4 32. Bxd4 Qxg6+ 33. Ka1 Bc5 34. Bxc5 Nxc5 35. Qb5 Qc2 36. Nd3 Nxd3 37. Rxd3 d4 38. Qa6+ Kb8 39. Qb6+ Ka8 40. Rxd4 Rxd4 41. Qxd4 1/2-1/2